Las consultas diarias en reumatología / (Record no. 176399)

MARC details
000 -LEADER
campo de control de longitud fija 00805nam a22002415i 4500
001 - NÚMERO DE CONTROL
campo de control 176399
003 - IDENTIFICADOR DE NÚMERO DE CONTROL
campo de control ES-MaACL
005 - FECHA Y HORA DE LA ÚLTIMA TRANSACCIÓN
campo de control 20230906220052.0
008 - DATOS DE LONGITUD FIJA--INFORMACIÓN GENERAL
campo de control de longitud fija 110113s1964 sp a |||| | spa d
080 ## - NÚMERO DE LA CLASIFICACIÓN DECIMAL UNIVERSAL
Número de la Clasificación Decimal Universal 616-002.77
100 0# - ENTRADA PRINCIPAL--NOMBRE DE PERSONA
Nombre de persona Chabot, Jacques.
9 (RLIN) 144705
245 14 - MENCIÓN DEL TÍTULO
Título Las consultas diarias en reumatología /
Mención de responsabilidad, etc. por Jacques Chabot ; prólogo de F. Coste ; versión española de A. Jornet.
260 ## - PUBLICACIÓN, DISTRIBUCIÓN, ETC.
Lugar de publicación, distribución, etc. Barcelona :
Nombre del editor, distribuidor, etc. Toray-Masson,
Fecha de publicación, distribución, etc. D. L. 1964.
300 ## - DESCRIPCIÓN FÍSICA
Extensión XII, 195 p. :
Otras características físicas il. bl. y n. ;
Dimensiones 22 cm.
490 1# - MENCIÓN DE SERIE
Mención de serie Las consultas diarias ;
Designación de volumen o secuencia 3
500 ## - NOTA GENERAL
Nota general Índice.
650 04 - PUNTO DE ACCESO ADICIONAL DE MATERIA--TÉRMINO DE MATERIA
Término de materia o nombre geográfico como elemento de entrada Reumatismo.
9 (RLIN) 136831
700 1# - ENTRADA AGREGADA--NOMBRE PERSONAL
Nombre de persona Coste, F.
9 (RLIN) 144706
700 1# - ENTRADA AGREGADA--NOMBRE PERSONAL
Nombre de persona Jornet Cases, A.
9 (RLIN) 66960
830 0# - PUNTO DE ACCESO ADICIONAL DE SERIE-TÍTULO UNIFORME
Título uniforme Las consultas diarias ;
Designación de volumen o secuencia 3
9 (RLIN) 190025
852 ## - LOCALIZACIÓN
Ubicación ES-MaACL
Número de control de estantería E-14032
Encuadernación Olim P-210-Ter
Holdings
Estatus retirado Estado de pérdida Estado de daño No para préstamo Biblioteca de origen Biblioteca actual Ubicación en estantería Fecha de adquisición Fuente de adquisición Total de préstamos Signatura topográfica completa Código de barras Visto por última vez Precio de reemplazo Tipo de ítem Koha
        Biblioteca del Ateneo de Madrid Biblioteca del Ateneo de Madrid Depósito 2 13/01/2011     E-14032 1185257 23/02/2023 23/02/2023 Libro impreso